000 01040 a2200253 4500
005 20240912134349.0
008 140610s2012 ck ad fr|||| 00| 0 spa d
020 _a9789588472133
040 _aCO-BoUCM
_bspa
_cJose A. Gerena
_dDavid Moreno (modificó)
041 0 _aspa
060 0 _aWS 200
245 _aAtención integrada a las enfermedades prevalentes de la infancia
_bcuadro de procedimientos
_cOrganización Panamericana de la Salud, OPS
260 _c2012
_bOrganización Panamericana de la Salud, OPS
_aBogotá (Colombia)
300 _a141 páginas
_bilustraciones, cuadros, gráficas
650 7 _914396
_aEnfermedades en niños
650 7 _aPediatria
_921221
650 7 _923940
_aSalud infantil
650 7 _aDiagnóstico de enfermedades infantiles
_98073
650 7 _aEnfermedades infantiles
_9182729
690 _aPediatría
_921221
710 2 _aMinisterio de Salud y Protección Social
_962399
710 2 _aOrganización Panamericana de la Salud, OPS
_941104
942 _a15
_cLIBRO
_e1
_mC961
_2NLM
_hWS 200
_n0
999 _c273504
_d273504